| 000 | 00663nam a2200205 a 4500 | ||
|---|---|---|---|
| 005 | 20140412111257.0 | ||
| 008 | 030414s19uu xx 00 eng d | ||
| 020 | _a0-679-88084-4 | ||
| 050 |
_aTR(PS E _bIt1 1986 |
||
| 100 | _aLionni, Leo | ||
| 245 |
_aIt's mine!. / _cLeo Lionni. |
||
| 260 |
_aNew York : _bDragonfly Books, _c1986. |
||
| 300 | _a1 v. (unp.) ; ill. | ||
| 520 | _aThree selfish forgs quarrel over who owns their pond and island, until storm makes them value the benefits of sharing. | ||
| 650 | _aChilren's stories, American | ||
| 650 | _aSelfishness--Fiction | ||
| 650 | _aSharing--Fiction | ||
| 650 | _aFrogs--Fiction | ||
| 999 |
_c103247 _d103247 |
||